Parceria público-privada : (Record no. 895)

MARC details
000 -LÍDER
Campo Fixo de Controle 00797nam a2200241 a 4500
001 - NÚMERO DE CONTROLE
Campo de Controle 895
003 - IDENTIFICAÇÃO DO NÚMERO DE CONTROLE
Campo de Controle BR-CuiBMT
005 - DATA E HORA DA ÚLTIMA ATUALIZAÇÃO
Campo de Controle 20231122202715.0
008 - DADOS FIXOS
Dados Fixos 231122s2007 mgb 001 0 por d
020 ## - INTERNATIONAL STANDARD BOOK NUMBER
Nº do ISBN 9788577000456
040 ## - AGÊNCIA CATALOGADORA
Código da Agência Catalogadora BR-CuiBMT
Agência que transcreveu o registro BR-CuiBMT
080 ## - Nº DA CLASSIFICAÇÃO DECIMAL UNIVERSAL
Nº edição CDU 2007
Nº Class. CDU 35.078.6
090 ## - NÚMERO DE CHAMADA
Nº classificação 35.078.6
Cutter O48p
100 1# - ENTRADA PRINCIPAL -- AUTOR PESSOAL
Nome pessoal Oliveira, Fernão Justen de
Datas associadas ao nome 1970-
245 ## - TÍTULO PRINCIPAL
Título principal Parceria público-privada :
Subtítulo aspectos de direito público econômico: lei nº 11.079/2004 /
Indicação de responsabilidade Fernão Justen de Oliveira ; prefácio Marçal Justen Filho.
260 ## - PUBLICAÇÃO, DISTRIBUIÇÃO, ETC.
Local de publicação Belo Horizonte :
Editora Fórum
Data 2007.
300 ## - DESCRIÇÃO FÍSICA
N. páginas ou volumes 277 p. ;
Dimensões 22 cm
504 ## - NOTA DE BIBLIOGRAFIA, ETC.
Nota de bibliografia Inclui bibliografia e índice.
650 ## - ASSUNTO TÓPICO
Cabeçalho tópico ou nome geográfico Parceria público-privada
650 ## - ASSUNTO TÓPICO
Cabeçalho tópico ou nome geográfico Regime jurídico
Subdivisão geográfica Brasil
650 ## - ASSUNTO TÓPICO
Cabeçalho tópico ou nome geográfico Administração pública
942 ## - ELEMENTOS DE ENTRADA ADICIONAIS (KOHA)
Fonte de classificação ou esquema de arquivamento Classificação Decimal Universal
Tipo de item do Koha Livros
Holdings
Estado: removido Estado: perdido Fonte de classificação ou esquema de arquivamento Estado: danificado Indisponível para empréstimo Localização permanente Localização atual Data de aquisição Total Checkouts Número de Chamada completo Código de barras Date last seen Número do exemplar Preço efetivo a partir de Tipo de item (Koha)
    Classificação Decimal Universal     Biblioteca da Escola Superior de Contas do TCE/MT Biblioteca da Escola Superior de Contas do TCE/MT 13/08/2019   35.078.6 O49p BIBTCEMT23110881 22/11/2023 Ex. 1 22/11/2023 Livros
    Classificação Decimal Universal     Biblioteca da Escola Superior de Contas do TCE/MT Biblioteca da Escola Superior de Contas do TCE/MT 23/11/2023   35.078.6 O49p BIBTCEMT23110923 23/11/2023 Ex. 2 23/11/2023 Livros

Powered by Koha